<?xml version="1.0" encoding="UTF-8"?>
<record
    xmlns:xsi="http://www.w3.org/2001/XMLSchema-instance"
    xsi:schemaLocation="http://www.loc.gov/MARC21/slim http://www.loc.gov/standards/marcxml/schema/MARC21slim.xsd"
    xmlns="http://www.loc.gov/MARC21/slim">

  <leader>01173nam a2200217 a 4500</leader>
  <controlfield tag="001">BRCA_8996</controlfield>
  <controlfield tag="005">20190320210503.0</controlfield>
  <controlfield tag="008">140717s1747----mx-a######---#000-0#spa-#</controlfield>
  <datafield tag="041" ind1=" " ind2=" ">
    <subfield code="a">spa</subfield>
  </datafield>
  <datafield tag="044" ind1=" " ind2=" ">
    <subfield code="a">mx</subfield>
  </datafield>
  <datafield tag="084" ind1=" " ind2=" ">
    <subfield code="a">LM21</subfield>
    <subfield code="b">.V53 1747</subfield>
  </datafield>
  <datafield tag="100" ind1="1" ind2=" ">
    <subfield code="a">S&#xE1;nchez de Castro, Joseph Geronymo</subfield>
    <subfield code="9">22328</subfield>
  </datafield>
  <datafield tag="245" ind1="1" ind2="0">
    <subfield code="a">Vida de la V. M. Sor Antonia de la Madre de Dios, religiosa Agustina recoleta, y fundadora en el Convento de Santa Monica de la Puebla de los Angeles, y despu&#xE9;s en el de Nra. Sra. de la Soledad de la Ciudad de Antequera Valle de Oaxaca</subfield>
    <subfield code="c">escrita por su ultimo confessor el R. P. Fr. Joseph Geronymo S&#xE1;nchez de Castro; quien la consagra a Mar&#xED;a santissima se&#xF1;ora nuestra en su dolorosissima soledad a expensas de las RR. MM. del Convento de la Soledad de Oaxaca.</subfield>
  </datafield>
  <datafield tag="260" ind1=" " ind2=" ">
    <subfield code="a">Mexico</subfield>
    <subfield code="b">Por la viudad de D. Joseph Bernardo de Hogal</subfield>
    <subfield code="c">1747</subfield>
  </datafield>
  <datafield tag="300" ind1=" " ind2=" ">
    <subfield code="a">510 p.</subfield>
    <subfield code="b">il.</subfield>
    <subfield code="c">21 x 15 cm</subfield>
  </datafield>
  <datafield tag="500" ind1=" " ind2=" ">
    <subfield code="a">Con licencia en M&#xE9;xico</subfield>
  </datafield>
  <datafield tag="500" ind1=" " ind2=" ">
    <subfield code="a">Estado f&#xED;sico: presenta encuadernaci&#xF3;n en pergamino con cintas rotas, lomo semi desprendido y presencia del pez de plata</subfield>
  </datafield>
  <datafield tag="600" ind1="1" ind2="4">
    <subfield code="a">Antonia de la Madre de Dios</subfield>
    <subfield code="c">Sor</subfield>
    <subfield code="v">Biograf&#xED;a</subfield>
    <subfield code="9">22329</subfield>
  </datafield>
  <datafield tag="902" ind1=" " ind2=" ">
    <subfield code="a">CFM</subfield>
  </datafield>
  <datafield tag="942" ind1=" " ind2=" ">
    <subfield code="2">lcc</subfield>
    <subfield code="c">B</subfield>
  </datafield>
  <datafield tag="999" ind1=" " ind2=" ">
    <subfield code="c">8647</subfield>
    <subfield code="d">8647</subfield>
  </datafield>
  <datafield tag="952" ind1=" " ind2=" ">
    <subfield code="0">0</subfield>
    <subfield code="1">0</subfield>
    <subfield code="4">0</subfield>
    <subfield code="7">0</subfield>
    <subfield code="a">BRCA</subfield>
    <subfield code="b">BRCA</subfield>
    <subfield code="d">2017-07-14</subfield>
    <subfield code="l">0</subfield>
    <subfield code="o">LM21 .V53 1747</subfield>
    <subfield code="p">CFM00279</subfield>
    <subfield code="r">2019-03-22 00:00:00</subfield>
    <subfield code="w">2019-03-22</subfield>
    <subfield code="y">B</subfield>
  </datafield>
</record>
